Statistics for U.S. Cities Over 100,000 - A

Click here to take the quiz!

General Stats

  • This quiz has been taken 186 times
    (175 since last reset)
  • The average score is 11 of 17

Answer Stats

Pop.City% Correct
820,611Austin
97%
432,427Atlanta
95%
373,698Arlington
82%
559,277 Albuquerque
80%
341,361 Anaheim
80%
196,494Augusta
78%
295,570Anchorage
70%
332,354Aurora (CO)
70%
199,672Aurora (IL)
70%
193,675Amarillo
57%
114,925Ann Arbor
57%
144,301Alexandria
56%
119,141Allentown
56%
198,402Akron
53%
118,117 Abilene
47%
107,541Arvada
32%
104,044Antioch
26%

Score Distribution

Percentile by Number Answered

Percent of People with Each Score

Your Score History

You have not taken this quiz since the last reset